[Event "32nd ECC Open 2016"]
[Site "Novi Sad SRB"]
[Date "2016.11.08"]
[Round "3.9"]
[Board "4"]
[White "Stojcevski, Zoran"]
[Black "Bagi, Mate"]
[Result "1/2-1/2"]
[WhiteTitle "FM"]
[BlackTitle "IM"]
[WhiteElo "2316"]
[BlackElo "2449"]
[WhiteTeam "Gambit ASSECO SEE"]
[BlackTeam "SK Dunajska Streda"]
[WhiteFideId "15000192"]
[BlackFideId "742570"]
[EventDate "2016.11.06"]

1. e4 e5 2. Bc4 Nf6 3. d3 Nc6 4. Nc3 Na5 5. Qf3 Bb4 6. Ne2 Nxc4 7. dxc4 O-O 8.
Bg5 Be7 9. Ng3 d6 10. O-O Bg4 11. Qd3 Nd7 12. Bxe7 Qxe7 13. Nd5 Qd8 14. b4 Be6
15. Rad1 a5 16. a3 g6 17. Qc3 Bxd5 18. Rxd5 axb4 19. axb4 b6 20. Rdd1 Qe7 21.
Ra1 Nf6 22. f3 h5 23. Qd2 Qe6 24. c5 bxc5 25. bxc5 dxc5 26. Qc3 c4 27. Rxa8 Rxa8
28. Rd1 Nd7 29. Nf1 Nb6 30. Ne3 Qe7 31. Nd5 Qc5+ 32. Kf1 Nd7 33. Nb4 Nb6 34. Nd5
Nd7 35. Nb4 Nf6 36. Nd5 Nd7 1/2-1/2

[Event "32nd ECC Open 2016"]
[Site "Novi Sad SRB"]
[Date "2016.11.08"]
[Round "3.9"]
[Board "5"]
[White "Varga, Zoltan"]
[Black "Dinev, Dejan"]
[Result "1/2-1/2"]
[WhiteTitle "GM"]
[BlackTitle "FM"]
[WhiteElo "2418"]
[BlackElo "2297"]
[WhiteTeam "SK Dunajska Streda"]
[BlackTeam "Gambit ASSECO SEE"]
[WhiteFideId "700509"]
[BlackFideId "15000095"]
[EventDate "2016.11.06"]

1. e4 c5 2. Nf3 d6 3. d4 cxd4 4. Nxd4 Nf6 5. f3 e5 6. Nb3 d5 7. Bg5 d4 8. c3 Nc6
9. Bb5 Qb6 10. Bxc6+ bxc6 11. cxd4 Ba6 12. Na3 Bb4+ 13. Bd2 Bxa3 14. bxa3 O-O
15. Ba5 Qb5 16. a4 Qxa4 17. dxe5 Nxe4 18. fxe4 Qxe4+ 19. Kf2 Qxe5 20. Qf3 Qb2+
21. Bd2 Rfe8 22. Rhe1 Bb5 23. Qc3 Qxc3 24. Bxc3 Bc4 25. Rxe8+ Rxe8 26. Re1 Rxe1
27. Bxe1 f6 28. Ke3 Bd5 29. g3 c5 30. Kd2 g5 31. Kc3 Kf7 32. a4 Ke6 33. Nxc5+
Kf5 34. Kb4 h5 35. Kb5 Kg4 36. h4 f5 37. hxg5 Kxg5 38. Ka6 Kg4 39. Kxa7 f4 40.
gxf4 h4 41. Bxh4 Kxh4 42. a5 Kg4 43. Kb6 Bc4 44. Ne4 Kxf4 45. Nd6 Bf1 46. Nb5
Ke5 47. a6 Bg2 48. a7 Ke6 49. Kc7 Ba8 50. Nd6 Ke7 51. Nb7 Ke8 52. Nc5 Ke7 53.
Kb8 Kd8 54. Ne6+ Kd7 55. Nf8+ Kd8 56. Kxa8 Kc7 57. Nd7 Kc8 58. Nf6 Kc7 59. Nh7
Kc8 60. Ng5 Kc7 61. Ne4 Kc8 62. Nd2 Kc7 63. Nb3 Kc8 64. Nc5 Kc7 65. Nb7 Kc8 66.
Nd6+ Kc7 67. Nc8 Kxc8 1/2-1/2

[Event "32nd ECC Open 2016"]
[Site "Novi Sad SRB"]
[Date "2016.11.08"]
[Round "3.9"]
[Board "6"]
[White "Nikolovski, Nikola"]
[Black "Meszaros, Michal"]
[Result "1-0"]
[WhiteTitle "FM"]
[BlackTitle "IM"]
[WhiteElo "2274"]
[BlackElo "2391"]
[WhiteTeam "Gambit ASSECO SEE"]
[BlackTeam "SK Dunajska Streda"]
[WhiteFideId "15002314"]
[BlackFideId "14905329"]
[EventDate "2016.11.06"]

1. e4 c5 2. Nc3 Nc6 3. f4 g6 4. Nf3 Bg7 5. Bb5 Nd4 6. O-O e6 7. e5 a6 8. Bd3
Nxf3+ 9. Qxf3 d5 10. exd6 Qxd6 11. b3 Nf6 12. Bb2 O-O 13. Na4 Nd7 14. Bxg7 Kxg7
15. Kh1 Rb8 16. Nc3 Nf6 17. a4 Bd7 18. Rae1 Bc6 19. Qe2 Rbd8 20. a5 Qd4 21. Qe5
Qxe5 22. Rxe5 Nd7 23. Re2 Nf6 24. Re5 Nd7 25. Re2 Nf6 26. Kg1 Rd4 27. Bc4 Nd5
28. Nxd5 Bxd5 29. d3 Bxc4 30. bxc4 Rc8 31. Rb1 Rc7 32. g3 h5 33. Kf2 Kf6 34. Rb6
h4 35. Kf3 hxg3 36. hxg3 g5 37. Rh2 gxf4 38. gxf4 Kf5 39. Rh5+ Kg6 40. Rg5+ Kf6
41. Rb1 Rd6 42. Rg8 Ke7 43. Rb8 Rdd7 44. Ke3 Kd6 45. Rh1 f5 46. Rb1 Ke7 47. Rh8
Kd6 48. Kd2 Rc6 49. Rb8 Rcc7 50. Rb6+ Ke7 51. Rh8 Kf7 52. Rh6 Re7 53. Rd6 Rc8
54. Rh7+ Kf6 55. Rd7 Rxh7 56. Rxh7 Rb8 57. Rc7 b6 58. axb6 Rxb6 59. Rxc5 Rb1 60.
Ra5 Rf1 61. Ke3 Re1+ 62. Kf2 Rc1 63. Ra2 a5 64. Ke2 a4 65. c5 a3 66. Kd2 Rf1 67.
Ke3 Re1+ 68. Kd4 Rf1 69. c6 Rxf4+ 70. Kc5 Ra4 71. c7 Ra8 72. Kb6 Ke5 73. Kb7 Rf8
74. c8=Q 1-0

[Event "32nd ECC Open 2016"]
[Site "Novi Sad SRB"]
[Date "2016.11.08"]
[Round "3.10"]
[Board "1"]
[White "Heimann, Andreas"]
[Black "Zajic, Milan"]
[Result "1-0"]
[WhiteTitle "GM"]
[BlackTitle "IM"]
[WhiteElo "2586"]
[BlackElo "2501"]
[WhiteTeam "Schachgesellschaft Riehen"]
[BlackTeam "Omladinski Sahovski Klub Paracin"]
[WhiteFideId "24624632"]
[BlackFideId "912336"]
[EventDate "2016.11.06"]

1. d4 Nf6 2. c4 e6 3. Nf3 Bb4+ 4. Nbd2 d5 5. Qa4+ Nc6 6. a3 Bxd2+ 7. Bxd2 Ne4 8.
e3 O-O 9. Qc2 Bd7 10. b4 a6 11. Be2 Be8 12. O-O f5 13. Rfc1 Bh5 14. Be1 Bxf3 15.
Bxf3 Rf7 16. Be2 Qg5 17. b5 axb5 18. cxb5 Na5 19. Bb4 Qh4 20. g3 Qd8 21. a4 Nd6
22. Ra3 Nac4 23. Rc3 Ne4 24. Rxc4 dxc4 25. Bxc4 Qd7 26. Qb3 Rf6 27. a5 Nd6 28.
Bxd6 Qxd6 29. a6 Ra7 30. Bd3 Kf8 31. Rc5 Ke7 32. Qc3 Kd8 33. Re5 h5 34. Bc4 bxa6
35. bxa6 Rxa6 36. Bxa6 Qxa6 37. Rc5 Qb7 38. h4 Qb1+ 39. Qc1 Qxc1+ 40. Rxc1 Rf7
41. Kg2 Rd7 42. Kf3 Ke7 43. Kf4 Kf6 44. Rc6 g6 45. f3 Re7 46. e4 fxe4 47. fxe4
Rf7 48. d5 Re7 49. e5+ Kg7 50. dxe6 Kh7 51. Ke4 Kg7 52. Kd5 g5 53. Rc1 gxh4 54.
Ke4 1-0

[Event "32nd ECC Open 2016"]
[Site "Novi Sad SRB"]
[Date "2016.11.08"]
[Round "3.10"]
[Board "2"]
[White "Radovanovic, Nikola"]
[Black "Cvitan, Ognjen"]
[Result "1/2-1/2"]
[WhiteTitle "IM"]
[BlackTitle "GM"]
[WhiteElo "2411"]
[BlackElo "2502"]
[WhiteTeam "Omladinski Sahovski Klub Paracin"]
[BlackTeam "Schachgesellschaft Riehen"]
[WhiteFideId "900087"]
[BlackFideId "14500086"]
[EventDate "2016.11.06"]

1. d4 Nf6 2. c4 e6 3. Nc3 Bb4 4. e3 O-O 5. Ne2 d5 6. a3 Be7 7. cxd5 exd5 8. Nf4
Re8 9. Bd3 c6 10. O-O Nbd7 11. f3 Nf8 12. Bd2 Ng6 13. Nfe2 c5 14. Rc1 b6 15. Be1
Bb7 16. Bf2 a6 17. g4 Bd6 18. Qd2 h6 19. Bg3 Rc8 20. Rce1 Rc7 21. Bxg6 fxg6 22.
Nf4 Bxf4 23. Bxf4 Rce7 24. Be5 g5 25. h3 Rxe5 26. dxe5 Rxe5 27. Ne2 a5 28. Ng3
a4 29. Qc2 Qe8 30. Nf5 Bc6 31. Qd2 Bd7 32. Ng3 Bb5 1/2-1/2

[Event "32nd ECC Open 2016"]
[Site "Novi Sad SRB"]
[Date "2016.11.08"]
[Round "3.10"]
[Board "3"]
[White "Georgiadis, Ioannis"]
[Black "Brankovic, Dejan"]
[Result "1/2-1/2"]
[WhiteTitle "IM"]
[BlackTitle "FM"]
[WhiteElo "2479"]
[BlackElo "2373"]
[WhiteTeam "Schachgesellschaft Riehen"]
[BlackTeam "Omladinski Sahovski Klub Paracin"]
[WhiteFideId "4208900"]
[BlackFideId "921602"]
[EventDate "2016.11.06"]

1. e4 c5 2. Nf3 d6 3. d4 cxd4 4. Nxd4 Nf6 5. Nc3 g6 6. g3 Nc6 7. Nde2 Bg7 8. Bg2
O-O 9. O-O Rb8 10. a4 a6 11. Bg5 b5 12. axb5 axb5 13. Nd5 Nd7 14. c3 h6 15. Be3
Nde5 16. Nd4 e6 17. Nxc6 Nxc6 18. Nb4 Nxb4 19. cxb4 Bb7 20. Ra5 Bc6 21. Qd2 d5
22. Rc1 Qd7 23. Bxh6 Bxh6 24. Qxh6 dxe4 25. Qe3 Rfc8 26. h4 Ba8 27. h5 Rxc1+ 28.
Qxc1 gxh5 29. Qg5+ Kf8 30. Qxh5 Qd4 31. Rxb5 Rxb5 32. Qxb5 Qd1+ 33. Kh2 Bd5 34.
Qb8+ Kg7 35. Qf4 Qe2 36. Qg5+ Kf8 37. Qd8+ Kg7 38. Qg5+ Kf8 39. Qf6 Qh5+ 40. Qh4
Qe5 41. Qh6+ Ke7 42. Qd2 Kd7 43. Kg1 Ke7 44. Qc3 Qh5 45. Qc5+ Kd7 46. b5 Qd1+
47. Kh2 Qh5+ 48. Kg1 Qd1+ 49. Bf1 e3 50. Qxe3 Qh5 51. Bg2 Qd1+ 52. Kh2 Qh5+ 53.
Bh3 Qd1 54. g4 Qa4 55. b6 Qb4 56. b3 Kc6 57. g5 Qxb3 58. Qf4 Qxb6 59. Qxf7 Qb8+
60. f4 Qb2+ 61. Kg3 Qc3+ 62. Kh4 Qe1+ 63. Kh5 Bf3+ 64. Kg6 Be4+ 65. Kg7 Qc3+ 66.
Kf8 Qxh3 67. g6 Qh8+ 68. Ke7 Qh4+ 69. Qf6 Qxf6+ 70. Kxf6 Kd6 71. g7 Bh7 72. Kf7
Kd5 73. g8=Q Bxg8+ 74. Kxg8 Ke4 75. Kf7 Kxf4 76. Kxe6 1/2-1/2

[Event "32nd ECC Open 2016"]
[Site "Novi Sad SRB"]
[Date "2016.11.08"]
[Round "3.10"]
[Board "4"]
[White "Mladenovic, Stefan"]
[Black "Brunner, Nicolas"]
[Result "0-1"]
[BlackTitle "IM"]
[WhiteElo "2292"]
[BlackElo "2469"]
[WhiteTeam "Omladinski Sahovski Klub Paracin"]
[BlackTeam "Schachgesellschaft Riehen"]
[WhiteFideId "942227"]
[BlackFideId "620246"]
[EventDate "2016.11.06"]

1. d4 Nf6 2. Nf3 d5 3. c4 e6 4. Nc3 c6 5. Bg5 h6 6. Bh4 dxc4 7. e4 g5 8. Bg3 b5
9. a3 Bb7 10. Be2 Nbd7 11. O-O Nh5 12. Ne1 Nxg3 13. fxg3 Bg7 14. Bh5 O-O 15. Nc2
Qb6 16. Kh1 Rad8 17. Qf3 Nf6 18. Rad1 c5 19. d5 b4 20. Na4 Qa5 21. Bxf7+ Kxf7
22. dxe6+ Ke7 23. axb4 Qxa4 24. Qf5 Qxc2 25. Qxc5+ Kxe6 26. Rc1 Nxe4 27. Rfe1
Qxc1 0-1

[Event "32nd ECC Open 2016"]
[Site "Novi Sad SRB"]
[Date "2016.11.08"]
[Round "3.10"]
[Board "5"]
[White "Buss, Ralph"]
[Black "Cvetanovic, Uros"]
[Result "1/2-1/2"]
[WhiteTitle "IM"]
[BlackTitle "CM"]
[WhiteElo "2360"]
[BlackElo "2269"]
[WhiteTeam "Schachgesellschaft Riehen"]
[BlackTeam "Omladinski Sahovski Klub Paracin"]
[WhiteFideId "1305697"]
[BlackFideId "900672"]
[EventDate "2016.11.06"]

1. d4 Nf6 2. c4 e6 3. Nf3 b6 4. g3 Bb7 5. Bg2 Bb4+ 6. Bd2 Bxd2+ 7. Qxd2 O-O 8.
Nc3 d6 9. Qd3 Nbd7 10. O-O Qe8 11. e4 e5 12. Rfe1 Ng4 13. Rad1 a5 14. b3 f6 15.
Nh4 Rf7 16. Qd2 Nf8 17. d5 Bc8 18. f4 exf4 19. gxf4 Re7 20. h3 Qh5 21. Nf5 Bxf5
22. exf5 Rxe1+ 23. Rxe1 Nh6 24. Nb5 Rc8 25. Na7 Re8 26. Nb5 Rxe1+ 27. Qxe1 Qxf5
28. Nxc7 Qxf4 29. Qe8 Qd4+ 30. Kh1 Qa1+ 31. Kh2 Qe5+ 32. Qxe5 fxe5 33. Nb5 Nf7
34. Bf3 Nd7 35. Bg4 Nf6 36. Be6 Ne4 37. Kg2 Kf8 38. Bxf7 Kxf7 39. Kf3 Ng5+ 40.
Kg4 Ne4 41. Kf3 Ng5+ 42. Kg4 Ne4 43. Kf3 1/2-1/2

[Event "32nd ECC Open 2016"]
[Site "Novi Sad SRB"]
[Date "2016.11.08"]
[Round "3.10"]
[Board "6"]
[White "Ivic, Matija"]
[Black "Schmidt-Schaeffer, Sebastian"]
[Result "1/2-1/2"]
[WhiteElo "2231"]
[BlackElo "2386"]
[WhiteTeam "Omladinski Sahovski Klub Paracin"]
[BlackTeam "Schachgesellschaft Riehen"]
[WhiteFideId "953687"]
[BlackFideId "4610148"]
[EventDate "2016.11.06"]

1. d4 f5 2. g3 Nf6 3. Bg2 e6 4. Nf3 Be7 5. c4 d5 6. O-O O-O 7. Nc3 c6 8. Qc2 Qe8
9. Rb1 a5 10. a3 b5 11. cxb5 cxb5 12. a4 b4 13. Nb5 Na6 14. Qd3 Qd8 15. Bf4 Qb6
16. Rbc1 Bb7 17. Ne5 Rac8 18. Bg5 Nb8 19. b3 Ba6 20. h3 Bd6 21. Bxf6 gxf6 22.
Nf3 Bxb5 23. axb5 f4 24. gxf4 Bxf4 25. e3 Bh6 26. Rfd1 Nd7 27. Nd2 f5 28. f4 Rc7
29. Rxc7 Qxc7 30. Nf3 Rc8 31. Bf1 Nf6 32. Rd2 Kh8 33. Rg2 Rg8 34. Ne5 Bf8 35.
Rxg8+ Kxg8 36. Nc6 Bd6 37. Bg2 Kf8 38. Qe2 Qb6 39. Bf3 Ne8 40. Bg2 Nf6 41. Qd3
Bc7 42. Qe2 Qb7 43. Kh2 Bb6 44. Qf2 Qg7 45. Qh4 h6 46. Bf3 Ke8 47. Qe1 Kf8 48.
Qa1 Qc7 49. Qg1 Qg7 50. Qf2 Kg8 51. Qh4 Kf8 52. Ne5 Ke8 53. Qe1 Bd8 54. Nc6 Bb6
55. Qc1 Qc7 56. Qg1 Kf8 57. Qf2 Qg7 58. Ne5 Nd7 59. Qc2 Nxe5 60. Qc8+ Kf7 61.
fxe5 Qg5 62. Qb7+ Kf8 63. Qxb6 Qxe3 64. Qd8+ Kg7 65. Qe7+ Kh8 66. Qf6+ Kh7 67.
Qf7+ Kh8 68. Qh5 Qf2+ 69. Bg2 Qf4+ 70. Kg1 Qxd4+ 71. Kf1 Qa1+ 72. Kf2 Qd4+ 73.
Kf1 Qa1+ 74. Kf2 Qd4+ 75. Kf1 Qa1+ 76. Kf2 1/2-1/2

[Event "32nd ECC Open 2016"]
[Site "Novi Sad SRB"]
[Date "2016.11.08"]
[Round "3.11"]
[Board "1"]
[White "Edouard, Romain"]
[Black "Blomqvist, Erik"]
[Result "0-1"]
[WhiteTitle "GM"]
[BlackTitle "GM"]
[WhiteElo "2628"]
[BlackElo "2552"]
[WhiteTeam "KGSRL Gent"]
[BlackTeam "SK Rockaden"]
[WhiteFideId "633429"]
[BlackFideId "1709437"]
[EventDate "2016.11.06"]

1. c4 Nf6 2. Nc3 c5 3. g3 e6 4. Nf3 b6 5. Bg2 Bb7 6. O-O Be7 7. b3 O-O 8. Bb2 d5
9. e3 Qc8 10. d3 Rd8 11. Qe2 Nc6 12. Rfd1 d4 13. exd4 Nxd4 14. Nxd4 cxd4 15. Nb5
Bc5 16. Na3 Bxa3 17. Bxa3 Nd7 18. Rab1 Bxg2 19. Kxg2 a5 20. Rd2 Ra6 21. f4 Nc5
22. Qf3 Qa8 23. Bc1 f6 24. a3 e5 25. Qxa8 Rdxa8 26. fxe5 fxe5 27. b4 axb4 28.
axb4 Nd7 29. Rc2 Kf7 30. Kf3 Ke6 31. Ke2 h5 32. Kd1 Rf8 33. Re2 Rf3 34. Kc2 Ra8
35. Bb2 Kd6 36. Rbe1 b5 37. cxb5 Rb8 38. Ra1 Rxb5 39. Ra6+ Kd5 40. Rg6 Rxb4 41.
Rxg7 Nc5 42. Ba3 Ra4 43. Rxe5+ Kxe5 44. Bxc5 Ra2+ 45. Kb3 Rxh2 46. Rg5+ Kf6 47.
Rg8 Rxd3+ 48. Kc4 Rd1 49. Bxd4+ Kf5 50. Rf8+ Kg4 51. Rg8+ Kf3 52. Rf8+ Kg2 53.
Be5 Rhh1 54. Rh8 Rd7 55. Bf4 Rf7 56. Rg8 Rf5 57. Kd3 Kf3 58. Bb8 Rb1 59. Rh8
Rbb5 0-1

[Event "32nd ECC Open 2016"]
[Site "Novi Sad SRB"]
[Date "2016.11.08"]
[Round "3.11"]
[Board "2"]
[White "Barkhagen, Jonas"]
[Black "Le Roux, Jean-Pierre"]
[Result "0-1"]
[WhiteTitle "IM"]
[BlackTitle "GM"]
[WhiteElo "2437"]
[BlackElo "2549"]
[WhiteTeam "SK Rockaden"]
[BlackTeam "KGSRL Gent"]
[WhiteFideId "1700855"]
[BlackFideId "609404"]
[EventDate "2016.11.06"]

1. b3 d5 2. Bb2 Bg4 3. Nf3 Nd7 4. e3 c6 5. h3 Bxf3 6. Qxf3 e5 7. c4 dxc4 8. Bxc4
Ngf6 9. Nc3 Nb6 10. Be2 Bd6 11. Ne4 Nxe4 12. Qxe4 O-O 13. g4 Nd7 14. h4 Nc5 15.
Qc2 a5 16. g5 b5 17. d4 exd4 18. Bxd4 Qe7 19. Rc1 Ne6 20. Ba1 Ba3 21. Rd1 Nc5
22. Bf3 a4 23. Kf1 axb3 24. axb3 Qe6 25. Qc3 f6 26. gxf6 Rxf6 27. b4 Ne4 28.
Bxe4 Qxe4 29. Qb3+ Qe6 30. Qxe6+ Rxe6 31. Rd7 Bxb4 32. Bxg7 Re7 33. Rxe7 Bxe7
34. Be5 Kf7 35. Ke2 Ra2+ 36. Kf3 Ke6 37. Bh8 h5 38. Rg1 Bxh4 39. Rg6+ Kf5 40.
Rg2 Be7 41. Rg7 Ke6 42. Rh7 h4 43. Rh6+ Kd7 44. Rh7 Ke8 45. e4 b4 0-1

[Event "32nd ECC Open 2016"]
[Site "Novi Sad SRB"]
[Date "2016.11.08"]
[Round "3.11"]
[Board "3"]
[White "Rozentalis, Eduardas"]
[Black "Bator, Robert"]
[Result "1-0"]
[WhiteTitle "GM"]
[BlackTitle "IM"]
[WhiteElo "2573"]
[BlackElo "2428"]
[WhiteTeam "KGSRL Gent"]
[BlackTeam "SK Rockaden"]
[WhiteFideId "12800023"]
[BlackFideId "1700405"]
[EventDate "2016.11.06"]

1. e4 c5 2. Nf3 Nc6 3. Bb5 g6 4. O-O Bg7 5. Nc3 Nd4 6. Nxd4 cxd4 7. Ne2 a6 8.
Bc4 b5 9. Bb3 Bb7 10. d3 d5 11. Ng3 Nf6 12. e5 Nd7 13. f4 Qb6 14. a4 O-O 15. a5
Qc7 16. Bd2 Nc5 17. Bb4 Kh8 18. Qf3 Rad8 19. Rae1 f6 20. exf6 Rxf6 21. f5 Rf7
22. Qe2 Bf6 23. fxg6 hxg6 24. Qg4 Rg8 25. Bxc5 Qxc5 26. Ne4 Qc8 27. Nxf6 exf6
28. Qxd4 Kg7 29. Re7 Qc6 30. Bxd5 Qxd5 31. Qxf6+ Kh6 32. Qh4+ Qh5 33. Qxh5+ gxh5
34. Rfxf7 1-0

[Event "32nd ECC Open 2016"]
[Site "Novi Sad SRB"]
[Date "2016.11.08"]
[Round "3.11"]
[Board "4"]
[White "Hedman, Erik"]
[Black "Schoppen, Casper"]
[Result "1/2-1/2"]
[WhiteTitle "FM"]
[WhiteElo "2354"]
[BlackElo "2325"]
[WhiteTeam "SK Rockaden"]
[BlackTeam "KGSRL Gent"]
[WhiteFideId "1702351"]
[BlackFideId "1046730"]
[EventDate "2016.11.06"]

1. d4 Nf6 2. c4 g6 3. Nf3 Bg7 4. g3 O-O 5. Bg2 c5 6. O-O cxd4 7. Nxd4 Nc6 8. Nc2
d6 9. Nc3 Be6 10. b3 Qd7 11. Re1 Bh3 12. Bh1 Ng4 13. Bd2 f5 14. f3 Nf6 15. Rc1
d5 16. cxd5 Nxd5 17. Nxd5 Qxd5 18. Nb4 Nxb4 19. Bxb4 Qe6 20. e3 a5 21. Bc3 Rfd8
22. Qe2 Bxc3 23. Rxc3 Rac8 24. Rxc8 Rxc8 25. Qd3 Qd6 26. Qxd6 exd6 27. Kf2 Kf7
28. Re2 Rc1 29. Re1 Rc2+ 30. Re2 Rc1 31. Re1 Rc3 32. Re2 b5 33. f4 b4 34. Bd5+
Kf6 35. Bf3 Ke6 36. Rd2 Rc1 37. a3 bxa3 38. Ra2 Bg4 39. Bxg4 fxg4 40. e4 d5 41.
Rxa3 Rc5 42. Ke3 dxe4 43. Kxe4 Kd6 44. Kd4 Kc6 45. Ra4 Rh5 46. b4 axb4 47. Rxb4
Rxh2 48. Ke5 Rh3 49. f5 Rh5 50. Rf4 Kd7 51. Kf6 gxf5 52. Rxf5 Rh3 53. Rd5+ Kc6
54. Rd3 Kc5 55. Kf5 h5 56. Kg5 Kc4 57. Rd8 Rxg3 58. Kxh5 Rg1 59. Kh4 g3 60. Kh3
Kc3 61. Rg8 Rh1+ 62. Kg2 Rd1 63. Rxg3+ Rd3 64. Rxd3+ Kxd3 1/2-1/2

[Event "32nd ECC Open 2016"]
[Site "Novi Sad SRB"]
[Date "2016.11.08"]
[Round "3.11"]
[Board "5"]
[White "Goormachtigh, Johan"]
[Black "Engqvist, Thomas"]
[Result "0-1"]
[WhiteTitle "FM"]
[BlackTitle "IM"]
[WhiteElo "2184"]
[BlackElo "2350"]
[WhiteTeam "KGSRL Gent"]
[BlackTeam "SK Rockaden"]
[WhiteFideId "200280"]
[BlackFideId "1700332"]
[EventDate "2016.11.06"]

1. d4 Nf6 2. c4 e6 3. Nf3 Bb4+ 4. Bd2 c5 5. Bxb4 cxb4 6. g3 O-O 7. Bg2 d6 8. O-O
Qc7 9. Nbd2 e5 10. Qc2 Bg4 11. h3 Bh5 12. e4 a5 13. Rfe1 Nfd7 14. Rad1 Rc8 15.
g4 Bg6 16. Qd3 b6 17. Nf1 Nf6 18. b3 Nc6 19. Ng3 Nd8 20. d5 Nb7 21. Nh4 Nc5 22.
Qd2 Qd7 23. Nhf5 Rf8 24. Bf3 Ne8 25. Kg2 Nc7 26. h4 f6 27. Rh1 Be8 28. Nh5 g6
29. Nh6+ Kh8 30. Ng3 b5 31. Rc1 bxc4 32. Rxc4 Nb5 33. h5 g5 34. Nhf5 Qd8 35. Rc2
Nc3 36. Qe3 Bb5 37. Be2 Bxe2 38. Nxe2 N5xe4 39. Nxc3 Nxc3 40. Qd3 Rf7 41. a4 Qb6
42. Rd2 Rc8 43. Re1 Rc5 44. Ne3 e4 45. Qd4 Qb7 46. Rc1 Rf8 47. Rdc2 Qc7 48. Nd1
Nxa4 49. Qxe4 Rxc2 50. Rxc2 Nc5 51. Ne3 Qb7 52. Qf5 Kg7 53. Qf3 Kh8 54. Nf5 a4
55. Nxd6 Qb6 56. Nc4 Qa6 57. bxa4 b3 58. Rc1 Qxa4 59. Qc3 Nd7 60. Ne3 Rb8 61. h6
Kg8 62. Rb1 Qe4+ 63. Kh2 Qxb1 64. Qc7 Qg6 65. Qxd7 Qxh6+ 66. Kg2 b2 67. Nf5 Qf8
68. Qe6+ Kh8 0-1

[Event "32nd ECC Open 2016"]
[Site "Novi Sad SRB"]
[Date "2016.11.08"]
[Round "3.11"]
[Board "6"]
[White "Kenneskog, Theodor"]
[Black "Vanheirzeele, Daniel"]
[Result "0-1"]
[WhiteTitle "FM"]
[WhiteElo "2332"]
[BlackElo "2120"]
[WhiteTeam "SK Rockaden"]
[BlackTeam "KGSRL Gent"]
[WhiteFideId "1715011"]
[BlackFideId "200425"]
[EventDate "2016.11.06"]

1. Nf3 c5 2. c4 Nf6 3. Nc3 e6 4. g3 d5 5. cxd5 Nxd5 6. Bg2 Nc6 7. O-O Be7 8. d4
O-O 9. Nxd5 exd5 10. dxc5 Bxc5 11. a3 Bf5 12. b4 Bb6 13. Bb2 Be4 14. Qd2 Re8 15.
Rfd1 Qe7 16. e3 Rad8 17. Bd4 Bxd4 18. Nxd4 Ne5 19. Qe2 Rc8 20. Rac1 a5 21. Qb5
axb4 22. axb4 Red8 23. Rxc8 Rxc8 24. f3 Bg6 25. Qxd5 Nc4 26. Nf5 Bxf5 27. Qxf5
Qxe3+ 28. Kh1 Re8 29. Qb5 Nb2 30. Rf1 Nd3 31. h3 b6 32. Kh2 g6 33. Qc6 Nxb4 34.
Rb1 Nxc6 0-1

[Event "32nd ECC Open 2016"]
[Site "Novi Sad SRB"]
[Date "2016.11.08"]
[Round "3.12"]
[Board "1"]
[White "Kazakovskiy, Valeriy"]
[Black "Kiik, Kalle"]
[Result "1-0"]
[WhiteTitle "IM"]
[BlackTitle "IM"]
[WhiteElo "2416"]
[BlackElo "2403"]
[WhiteTeam "Ezerelio Vaivorykste"]
[BlackTeam "Salon Shakkikerho"]
[WhiteFideId "13507443"]
[BlackFideId "4500075"]
[EventDate "2016.11.06"]

1. d4 d5 2. c4 e6 3. Nf3 c6 4. Qc2 dxc4 5. Qxc4 Nf6 6. Qc2 b5 7. Bg5 Bb7 8. Nbd2
Nbd7 9. e3 Rc8 10. Qb3 a6 11. a4 h6 12. Bh4 Bd6 13. Be2 O-O 14. O-O Re8 15. Rfd1
g5 16. Bg3 Bxg3 17. hxg3 Qc7 18. Rac1 Qb8 19. Qa3 Ba8 20. axb5 axb5 21. b4 g4
22. Ne1 e5 23. dxe5 Nxe5 24. Nb3 c5 25. Rxc5 Rxc5 26. Nxc5 h5 27. Qa6 Kg7 28.
Bxb5 Rd8 29. Rxd8 Qxd8 30. Ncd3 Nxd3 31. Bxd3 Bd5 32. Qa1 Qc7 33. Nc2 Qb7 34.
Qe5 Be4 35. Qg5+ Bg6 36. Nd4 Qb6 37. Nf5+ Kf8 38. Qh6+ Ke8 39. Bb5+ Kd8 40. Qf8+
Kc7 41. Qe7+ Kb8 42. Nd6 Nd5 43. Qe8+ Kc7 44. Qd7+ Kb8 45. Qc8+ Ka7 46. Bc6 1-0

[Event "32nd ECC Open 2016"]
[Site "Novi Sad SRB"]
[Date "2016.11.08"]
[Round "3.12"]
[Board "2"]
[White "Niemi, Kalle"]
[Black "Sotsky, Alexander"]
[Result "1/2-1/2"]
[WhiteTitle "FM"]
[BlackTitle "IM"]
[WhiteElo "2337"]
[BlackElo "2348"]
[WhiteTeam "Salon Shakkikerho"]
[BlackTeam "Ezerelio Vaivorykste"]
[WhiteFideId "504378"]
[BlackFideId "4130715"]
[EventDate "2016.11.06"]

1. e4 e6 2. d4 d5 3. Nc3 dxe4 4. Nxe4 Bd7 5. Nf3 Bc6 6. Bd3 Bxe4 7. Bxe4 c6 8.
c3 Nf6 9. Bc2 Bd6 10. O-O Nbd7 11. Re1 Qc7 12. a4 O-O 13. Bg5 Rfe8 14. Qd3 g6
15. Rad1 b5 16. axb5 cxb5 17. Bb3 Rab8 18. Qe2 Nh5 19. g3 a5 20. Ne5 Nxe5 21.
dxe5 Bf8 22. Rd3 a4 23. Bc2 a3 24. bxa3 Bxa3 25. g4 Ng7 26. Qd2 Be7 27. Bxe7
Rxe7 28. Qh6 Qc4 29. Qg5 Ree8 30. Rh3 Rbd8 31. Be4 Qc5 32. Bg2 f5 33. Qh6 Kf7
34. gxf5 exf5 35. Rhe3 Kg8 36. e6 Re7 37. Qh4 Rd2 38. Qb4 Qxb4 39. cxb4 Rb2 40.
Re5 Rxb4 41. Bc6 Kf8 42. Bd7 Ne8 43. Ra1 Kg7 44. Bxb5 Kf6 45. Rae1 Nc7 46. Bd7
Rb6 47. Kg2 Nxe6 48. Bxe6 Rbxe6 49. Rxe6+ Rxe6 50. Ra1 Re4 51. Ra7 h5 52. Ra6+
Re6 53. Ra4 g5 54. h3 Re4 55. Ra5 Rd4 56. Rb5 Rd3 57. Ra5 h4 58. Rb5 Ke6 59. Ra5
Rd5 60. Ra8 Ke5 61. Ra4 Rd4 62. Ra3 g4 63. hxg4 fxg4 64. Ra8 Kf5 1/2-1/2

[Event "32nd ECC Open 2016"]
[Site "Novi Sad SRB"]
[Date "2016.11.08"]
[Round "3.12"]
[Board "3"]
[White "Genutis, Mindaugas"]
[Black "Westerinen, Heikki M.J."]
[Result "1-0"]
[WhiteTitle "FM"]
[BlackTitle "GM"]
[WhiteElo "2310"]
[BlackElo "2311"]
[WhiteTeam "Ezerelio Vaivorykste"]
[BlackTeam "Salon Shakkikerho"]
[WhiteFideId "1407058"]
[BlackFideId "500020"]
[EventDate "2016.11.06"]

1. d4 Nf6 2. c4 g6 3. Nc3 Bg7 4. e4 d6 5. Nf3 O-O 6. Be2 Bg4 7. Be3 Nfd7 8. d5
e5 9. O-O a5 10. Ne1 Bxe2 11. Qxe2 Na6 12. Nd3 f5 13. f3 b6 14. Rab1 Nac5 15. b3
Bf6 16. a3 Bg5 17. Bf2 Nf6 18. Nxc5 bxc5 19. b4 axb4 20. axb4 cxb4 21. Rxb4 fxe4
22. Nxe4 Nxe4 23. Qxe4 Rb8 24. Qb1 Rxb4 25. Qxb4 Qb8 26. Qa5 Qb7 27. Qa4 Ra8 28.
Qd7 Qc8 29. Qc6 Qa6 30. Qxc7 Rc8 31. Qd7 Rxc4 32. h4 Bc1 33. Re1 Rc2 34. Qe6+
Kg7 35. Rxe5 Rc7 36. Re1 Bb2 37. h5 gxh5 38. Be3 Bf6 39. Qf5 Rf7 40. Qxh5 Qc8
41. Bh6+ 1-0